Novelas Exemplares / (Record no. 253)

MARC details
000 -LÍDER
campo de controle de tamanho fixo 01220nam a2200325 4500
001 - NÚMERO DE CONTROLE
campo de controle 253
003 - IDENTIFICADOR DO NÚMERO DE CONTROLE
campo de controle OSt
005 - DATA E HORÁRIO DA ÚLTIMA TRANSAÇÃO
campo de controle 20250528074016.0
008 - CAMPO DE DADOS FIXOS--INFORMAÇÃO GERAL
campo de controle de tamanho fixo 250220b |||||||g |||| 00| 1 eng d
040 ## - FONTE DA CATALOGAÇÃO
Idioma da catalogação por
041 ## - CÓDIGO DE IDIOMA
Código do idioma do original e/ou traduções intermediárias do texto spa
Código do idioma do texto/trilha sonora ou título diferente por
082 ## - CDD - CLASSIFICAÇÃO DECIMAL DE DEWEY
Número de Classificação 863
Número do exemplar C419n
100 1# - ENTRADA PRINCIPAL--NOME PESSOAL
Nome pessoal Cervantes Saavedra, Miguel de
Datas associadas ao nome 1547-1616
9 (RLIN) 238
240 ## - TÍTULO UNIFORME
Título uniforme Novelas ejemplares
245 ## - TÍTULO
Título Novelas Exemplares /
Indicação de responsabilidade, etc. Cervantes, Miguel de ; Tradução de Darly Nicolana Scornsienchi
260 ## - PUBLICAÇÃO, DISTRIBUIÇÃO, ETC.
Local de publicação, distribuição, etc. São Paulo
Nome do editor, distribuidor, etc. Abril
Data da publicação, distribuição, etc. 1970
300 ## - DESCRIÇÃO FÍSICA
Extensão 255 p.
490 1# - TÍTULO DA SÉRIE
Título da série Os imortais da literatura universal
Número do volume ou designação sequencial da série vol. 04
520 ## - NOTA DE RESUMO, ETC.
Resumo, etc. Novelas Exemplares são uma série de novelas curtas que Miguel de Cervantes escreveu entre 1590 e 1612, e que depois acabaria publicando em 1613 em uma coleção editada em Madri por Juan da Custa, dada a grande acolhida que obteve com a primeira parte do Quijote.
650 #0 - ASSUNTO--TERMO TÓPICO
Cabeçalho tópico ou nome geográfico Literatura espanhola
9 (RLIN) 144
650 #0 - ASSUNTO--TERMO TÓPICO
Cabeçalho tópico ou nome geográfico Aventura
9 (RLIN) 47
650 #0 - ASSUNTO--TERMO TÓPICO
Cabeçalho tópico ou nome geográfico Amor e Paixão
9 (RLIN) 25
650 #0 - ASSUNTO--TERMO TÓPICO
Cabeçalho tópico ou nome geográfico Clássicos
9 (RLIN) 77
650 #0 - ASSUNTO--TERMO TÓPICO
Cabeçalho tópico ou nome geográfico Novela
9 (RLIN) 463
655 #0 - TERMO DE ÍNDICE--GÊNERO E FORMA
Gênero/forma/ou termo foco Romance
655 #0 - TERMO DE ÍNDICE--GÊNERO E FORMA
Gênero/forma/ou termo foco Ficção
700 ## - ENTRADA ADICIONADA - NOME PESSOAL
Nome pessoal Darly Nicolana Scornsienchi
Função do autor por extenso Tradução
9 (RLIN) 464
830 ## - ENTRADA SECUNDÁRIA DE SÉRIE--TÍTULO UNIFORME
Título uniforme Os Imortais da Literatura Universal
Número do volume ou designação sequencial da série vol. 04
9 (RLIN) 461
942 ## - ELEMENTOS DE ENTRADA ADICIONADOS (KOHA)
Fonte de classificação ou esquema de arquivamento Classificação decimal de Dewey
Ocultar no OPAC Não
Tipo de material Koha Livros
Holdings
Situação do descarte Situação das perdas Fonte de classificação ou esquema de arquivamento Status danificado Não pode ser emprestado Coleção Biblioteca de origem Biblioteca atual Localização na estante Data de aquisição Fonte de aquisição Total de empréstimos Número de chamada completo Código de barras Data de último acesso Data do preço efetivo Tipo de material Koha
    Classificação decimal de Dewey     Ficção Biblioteca Professor Eduardo Afonso de Castro Biblioteca Professor Eduardo Afonso de Castro Literatura Estrangeira 20.02.2025 doação   863 / C419n 2025-17202 20.02.2025 20.02.2025 Livros

Powered by Koha